000 00835nam a22001817a 4500
008 230320s2018 xxk|||||o|||| 00| 0 eng d
041 _aeng
110 _aRoyal Institution of Chartered Surveyors
245 _aLetting a property:
_ba clear impartial guide
_h[Electronic resource]
260 _aLondon,
_bRoyal Institution of Chartered Surveyors,
_c2018
300 _a16p.
490 _aRICS Consumer guide
520 _aA checklist of the process you will go through, and also explains how RICS letting agents can help if you need any professional advice. Covers England, Wales and Northern Ireland
651 _aUnited Kingdom
710 _aRoyal Institution of Chartered Surveyors
856 _uhttps://www.ricsfirms.com/media/1188/rics-consumer-guide-letting-property.pdf
_zAvailable on rics.org/consumerguides
942 _n0
999 _c121403
_d121403